Virtues of Darud (Record no. 7925)

MARC details
000 -LEADER
fixed length control field 00583nam a2200241 a 4500
020 ## - INTERNATIONAL STANDARD BOOK NUMBER
ISBN
082 00 - DEWEY DECIMAL CLASSIFICATION NUMBER
Classification number 297.52
Author Cutter ZAK
100 ## - MAIN ENTRY--AUTHOR NAME
Author name Zakariyya, Muhammad
245 ## - TITLE STATEMENT
Title Virtues of Darud
260 ## - PUBLICATION, DISTRIBUTION, ETC. (IMPRINT)
Place of publication Delhi
Name of publisher Islamic Book Service
Year of publication 1982
300 ## - PHYSICAL DESCRIPTION
Number of Pages 190p
500 ## - GENERAL NOTE
General note includes index and biblioraphy
505 2# - FORMATTED CONTENTS NOTE
Formatted contents note Index, Bibliography
650 ## - SUBJECT ADDED ENTRY--TOPICAL TERM
Topical Term Islam-Prayers
942 ## - ADDED ENTRY ELEMENTS (KOHA)
Koha item type Books
700 1# -
-- Zakariyya, Muhammad
Holdings
Collection code Home library Current library Date acquired Cost, normal purchase price Full call number Accession Number Koha item type
  Henry Martyn Institute Library Henry Martyn Institute Library 08/13/2008 12.00 297.52 ZAK 011215 Books
                   Copyright © 2026 | Henry Martyn Institute | Hyderabad | TS-500052 | INDIA | Implemented by hmi.edu.in
Hit-Count:

Powered by Koha